000 00485nam a2200193 a 4500
001 1768117515930
003 YourLibrary
005 20260112125814.0
008 260111s2000##################000#0#eng##
020 _a9780262522793
082 0 4 _a302.2223
_bBOL
100 1 _aBolter, Jay David,
_eauthor.
245 1 0 _aRemediation :
260 _bMIT Press,
_c2000.
300 _a320 pages
650 0 _aSocial Science.
942 _cENGLISH
040 _aYourLibrary
_beng
_cYourLibrary
999 _c608285
_d608285